MDQL
is popping MORE tags! Check the
thread
!
Quizzes
Events
Quiz Creation
Community
Videos
Private Events
Remove Ads
Sign In
Join for FREE
Feedback
Dark Mode
Quiz Categories
Sports
Geography
Music
Movies
Television
Just For Fun
Miscellaneous
History
Literature
Language
Science
Gaming
Entertainment
Religion
Holiday
For Kids
Quiz Lab
Recent
Popular Today
Quiz Kudos Today
Editor Picks
Curator Picks
Quizzes by...
Day
Popularity
Type
Ratings
Length
Year
Community
Subscriptions
Recent Discussions
Orange Saloon
Badges
Playlists
Quests
Create
Leaderboards
Showdown
Live 5
Trivia Bingo
Activity
Puzzle Library
Sporcle Events
Private Events
Virtual Trivia
Globe League
Become a Host
Pub Owners
SporcleCon
Opinionation
Our Games
Videos
Blog
Mobile Apps
Partnerships
Remove Ads and Go Orange
Feedback
Language
Vocabulary
Begins and Ends
Definition
Spanish
French
German
Italian
Chinese
Latin
Translation
Japanese
Language
Vocabulary
Begins and Ends
Definition
Spanish
French
German
Italian
Chinese
Latin
Translation
Japanese
Random Quiz
Search Sporcle
×
Quiz Lab
Quiz Lab
Language
Latin
Type in answers that appear in a list
Type in answers that appear in a list
Classic
Best Score? Go Orange.
Aeneid Book 1 1-33 Vocab Stats
Can you name the Aeneid Book 1 Line 1-33 Vocab?
By
lraines
15m
83 Questions
128 Plays
128 Plays
128 Plays
Comments
Comments
Give Quiz Kudos
Give Quiz Kudos
-
- Ratings
hide this ad
Replay
Link that replays current quiz
Next Quiz
Link to next quiz in quiz playlist
You Got
0%
They Got
Avg Score
37%
Avg Friend Score
Upgrade to see
Score Distribution
Jump to the score distribution portion of the page
Score
0/83
Timer
15:00
0
Plays Today
Latin Word
English Meaning
% Correct
altum, i n
deep
88.3%
cano, canere, cecini, cantus
sing
87.5%
pro
before
73.4%
enim
for
71.9%
animus, i
spirit
67.2%
ob
on account of
66.4%
causa, ae f
reason
62.5%
doleo, dolere, dolui, dolitus
suffer
61.7%
condo, condere, condidi, conditus
establish
60.9%
patior, pati, passus
suffer
60.9%
etiam
besides
60.2%
iacto (verb)
toss
59.4%
populus, i m
people
59.4%
quoque
also
57%
caelestis, e
divine
57%
infero, inferre, intuli, inlatus
bring
55.5%
asper, a, um
harsh
54.7%
annus, i m
year
53.9%
saevus, a, um
cruel
50.8%
saevus, a, um
cruel
50.8%
immitis, e
fierce
50.8%
pietas, atis
loyalty
47.7%
currus, us m
charriot, car
46.9%
olim
once
46.1%
impello, impellere, impuli, impulsus
strike
45.3%
memor, oris
mindful
44.5%
litora, ae f
shore
44.5%
ops, opis
help
43.8%
Latin Word
English Meaning
% Correct
gero, gerere, gessi, gestus
carry
43%
dolor, oris m
pain
42.2%
longe
far
41.4%
fall from
41.4%
progenies, ei f
offspring
40.6%
forma, ae f
beauty
40.6%
profugus, a, um
exiled
39.8%
tot
so many
39.8%
dives, divitis
rich
39.8%
laedo, ladere, laedsi, laedsus
strike
39.1%
tantae
so great
39.1%
magis
more
37.5%
metuo, metuere, metui
fear
37.5%
moenia
walls
37.5%
arceo, acere, arcui
keep off
36.7%
unde
whence
35.9%
rapio, rapere, raptui, raptus
snatch
35.9%
contra
opposite
32%
adeo, adire, adii, aditus
approach
30.5%
superbus, a, um
proud
28.9%
moles, is f
mass
28.9%
repono, reponere, reposui, repositus
put
28.1%
colo, colere, colui, cultus
cultivate
27.3%
ostium, i n
mouth
27.3%
carus, a, um
dear
27.3%
memoro (verb)
recall
26.6%
colonus, i m
colonist
26.6%
foveo, fovere, fovi, fotus
cherish
26.6%
Latin Word
English Meaning
% Correct
qua
where
26.6%
fovet
cherish
26.6%
sino, sinere, sivi, situs
permit
25%
posthabeo, posthabere, posthabui, posthabitus
place after
24.2%
24.2%
24.2%
late
widely
23.4%
iudiucium, i n
decision
21.1%
inuria, ae f
wrong
20.3%
sinant
allow
20.3%
insigins, e
distinguished
19.5%
studium, i n
desire
19.5%
excidium, i n
destruction
19.5%
verto, vetere, verti, vetersus
overturn
18%
fertur
is said
17.2%
numine
divine will
16.4%
necdum
not yet
15.6%
saeve
fierce
15.6%
dives, divitis
riches
14.8%
vertus, eris
old
14.1%
reliquiae, arum f
rest
14.1%
studiis
desire
13.3%
invisus, a, um
hate
10.2%
sperno, spernere, sprevi, spretus
despise
10.2%
accendo, accendere, accendi, accendensus
inflame
9.4%
tendit
stretch
9.4%
duci
derive
0%
Quiz Playlist
Details
Report
Send in Message
Add To Playlist
Classic:
Type in answers that appear in a list
Last Updated: Feb 16, 2017
Quiz Scoreboard
CHALLENGE
Sign Up to Join the Scoreboard
Show All
Scores
Hide
Comments
May contain spoilers
Recently Published
Two Season TV Shows II
by 123Four
Television
10m
Image Sorting: Flags VI
by Barbecue
Geography
2m
Find the 'City' Movie
by crazypaving
Movies
60s
More to Explore
Quiz From the Vault
Featured Blog Post
14 Easter Pick-up Lines to Find Eggs With
hide this ad
You Might Also Like...
Tags
Book Quiz
Latin Quiz
Vocabulary Quiz
Aeneid
English
Today's Top Quizzes in Language
Browse Language
hide this ad
Today's Top Quizzes in Latin
Browse Latin
Top Contributed Quizzes in Language
1
What Word Starts All?
2
1-10 Letter F Words III
3
Arabic Numerals
4
1-10 Letter G Words III
5
Harry Potter book 6 chapters: English & Greek
6
1-10 Letter H Words III
7
Weisst du, aus welchen Sprachen diese Wörter stammen?
8
1-10 Letter I Words III
9
Celtic Nations in their Language
10
Russian Alphabet (Picture Click)
Explore More
Trending Topics
NBA
Kpop
Anime
Crossword
Disney
Harry Potter
Marvel
Pokémon
Soccer
WWE
Puzzle
The Office
Song
Country
NFL
hide this ad
More By:
lraines
Quiz
Plays
Rating
Category
Featured
Created
Aeneid Book 1 1-33 Vocab
128
3.00
Language
Jan 20, 2010
Go to Creator's Profile
Score Distribution
Quiz Creator Spotlight
lraines
Follow
Send a Message
Quizzes Created
-
Created Quiz Play Count
-
More By This Creator
Popular Quizzes Today
1
Find the US States - No Outlines Minefield
2
Colored Red Africa Blitz
3
Find the 'City' Movie
4
5x2 Blitz: Bands
5
The Countries of the World
6
Find the Countries of Europe - No Outlines Minefield
7
Find the US States
8
US States
More Language Quizzes
Ends in 'B' II
Published
Trending Quizzes
Colored Red Europe Blitz I
Colored Red Africa Blitz II
Colored Red Europe Blitz II
Colored Red Africa Blitz III
Colored Red Europe Blitz III
Recently Updated
How Do You Spell That?
pecheneg
Godzilla Movies
pecheneg
Grab Bag: 4-10 Letters
pecheneg
2024 March Madness Bracket
pecheneg
Famous TV Couples
Peacemaker
Champions League XIs: Real Madrid
pecheneg
Largest US Cities 1790-2010
pecheneg
Rides in Walt Disney World
pecheneg
Most Oscar Losses (Acting)
pecheneg
Beyoncé Albums
pecheneg
Trending Topics
Crossword
Harry Potter
Marvel
Kpop
Anime
NBA
Disney
NFL
Song
WWE
Pokémon
The Office
Puzzle
Country
Soccer
Your Account Isn't Verified!
In order to create a playlist on Sporcle, you need to verify the email address you used during registration. Go to your
Sporcle Settings
to finish the process.
Report this User
Report this user for behavior that violates our
Community Guidelines
.
Details:
Send Report
Go to the Sporcle.com Mobile Site →
Comments